000 nam a22 7a 4500
999 _c233561
_d233561
005 20170308172701.0
008 170308b xxu||||| |||| 00| 0 eng d
040 _c.
245 _aAnsys, inc Installation Guide For Window
_cCanonsburg
300 _a96 p. ;
_c24 cm.
942 _2ddc
_cBK